Royal great-grandchildren middle names - Statistics

General Stats
  • This quiz has been taken 124 times
    10 since last reset
  • The average score is 12 of 14
Answer Stats
Birth year Name Middle name % Correct
2018 Prince Louis Arthur Charles
100%
2012 Isla Elizabeth
100%
2018 Lena Elizabeth
100%
2021 Sienna Elizabeth
100%
2015 Princess Charlotte Elizabeth Diana
100%
2025 Athena Elizabeth Rose
100%
2013 Prince George Alexander Louis
89%
2021 Lilibet Diana
89%
2021 Lucas Philip
89%
2021 August Philip Hawke
89%
2010 Savannah Anne Kathleen
78%
2023 Ernest George Ronnie
67%
2014 Mia Grace
56%
2019 Archie Harrison
56%
No matching quizzes found
Score Distribution
Percent of People with Each Score
Percentile by Number Answered
Your Score History
You have not taken this quiz since the last reset